000 01567cam a22004094a 4500
001 muse82374
003 MdBmJHUP
005 20210127151513.0
006 m o d
007 cr||||||||nn|n
008 850401s1981 nyu o 00 0 eng d
020 _a9780823287260
020 _z0823209938
020 _z9780823209934
035 _a(OCoLC)1138573405
040 _aMdBmJHUP
_cMdBmJHUP
100 1 _aBryant, William Cullen,
_d1794-1878.
245 1 4 _aThe Letters of William Cullen Bryant
_bVolume III, 1849-1857 /
_cedited by William Cullen Bryant II and Thomas G. Voss.
_nVol. III,
_p1849-1857.
_p1849-1857.
_nVol. III,
264 1 _bFordham University Press
264 3 _bProject MUSE,
300 _a1 online resource (564 p., [9] p. pl.) :
_bill., portr. ;
500 _aIncludes index.
506 0 _aOpen Access
_fUnrestricted online access
_2star
588 _aDescription based on print version record.
600 1 1 _aBryant, William Cullen,
_d1794-1878.
655 0 _aBrieven (vorm)
_2gtt
655 7 _aElectronic books.
_2local
700 1 _aBryant, William Cullen,
_cII,
_d1908-
773 0 8 _7nnam
_i(MP)
_tThe letters of William Cullen Bryant
_w(NL-LeOCL)782161138
_w(OCoLC)898836720
710 2 _aProject Muse.
_edistributor
830 0 _aBook collections on Project MUSE.
856 4 0 _zFull text available:
_uhttps://muse.jhu.edu/book/73006/
999 _c25967
_d25967